000 00213nam a22000857a 4500
008 170621b xxu||||| |||| 00| 0 eng d
100 _93617
_aNCERT
245 _aLab Manual Science -XII
260 _aNew Delhi
_bNCERT
_c2009
999 _c7006
_d7006